Les Pays par le nombre d'articles scientifiques et techniques - Statistiques

Statistiques générales
  • Ce quiz a été pris 23 fois
  • Le résultat moyen est 27 sur 30
Statistiques - réponses
Pays Nombre % Correct
4 Allemagne 113 976
100%
12 Brésil 67 031
100%
10 Canada 69 052
100%
1 Chine 898 949
100%
13 France 65 888
100%
3 Inde 207 390
100%
25 Suède 22 354
100%
14 Australie 62 305
95%
11 Espagne 67 100
95%
2 États-Unis 457 335
95%
6 Japon 103 723
95%
5 Royaume-Uni 105 584
95%
22 Suisse 24 248
95%
16 Turquie 52 658
95%
9 Corée du Sud 76 936
90%
19 Indonésie 31 947
90%
7 Italie 90 586
90%
26 Mexique 21 027
90%
18 Pays-Bas 34 311
90%
8 Russie 84 252
90%
28 Thaïlande 18 491
90%
29 Belgique 17 612
85%
30 Afrique du Sud 16 651
80%
27 Portugal 19 623
80%
15 Iran 60 940
75%
20 Malaisie 26 506
75%
17 Pologne 37 368
75%
23 Égypte 24 025
70%
21 Arabie saoudite 25 825
65%
24 Pakistan 22 643
60%
Aucun quiz correspondant
Distribution des résultats
% des personnes avec chaque résultat
Percentile par nombre de réponses
Votre historique - résultats
Vous n’avez pas pris ce quiz